Текст томруулах:    
Production and operations analysis (Бичлэгийн дугаар. 146183)
000 -УДИРДЛАГА
Удирдлага 00870nam a22002897a 4500
003 - ХЯНАЛТЫН ТОО ТОДОРХОЙЛОГЧ
Код MN-UlNUM
005 - БИЧИЛТ ХИЙСЭН ОГНОО
Тухайн бичилтийг бичсэн засварласан сүүлийн огноо 20260114145016.0
008 - ЕРӨНХИЙ МЭДЭЭЛЭЛ
Ерөнхий мэдээлэл 260114s1989 iluab||| |||| 001 0 eng |
020 ## - ISBN
ISBN 0256055505
040 ## - БИЧЛЭГ ҮҮСГЭГЧ БАЙГУУЛЛАГА
Бичлэг үүсгэгч номын сангийн код МУИС-ийн номын сан
084 ## - ББК АНГИЛАЛ
Нэмэлт тусгалт Бусад
ББК ангилал 65.290-2
Зохиогчийн гурван тэмдэгт N 11
Мэдлэгийн ялгаа 65 - Эдийн засаг
100 1# - ЗОХИОГЧ
Зохиогчийн нэр Nahmias, Steven.
245 10 - ҮНДСЭН ГАРЧИГ
Номын нэр Production and operations analysis
Оролцогчдын тухай мэдээ Steven Nahmias
260 ## - ГАРАЛТЫН МЭДЭЭ
Хэвлэгдсэн газар Homewood, Ill. :
Хэвлэлийн газар Irwin,
Хэвлэгдсэн он 1989.
300 ## - МАТЕРИАЛЫН ТОДОРХОЙЛОЛТ
хуудасны тоо xxvi, 693 p. :
Бусад тоон мэдээлэл ill. ;
Хэмжээ 25 cm.
500 ## - Тайлбар
Дансны дугаар БС 4979
546 ## - ХЭЛНИЙ ТУХАЙ МЭДЭЭ
Хэл Англи хэл дээр,
653 ## - Түлхүүр үг
Түлхүүр үг production management
740 ## - НОМЫН ГАРЧИГ
Гарчиг Production and Operations Strategy
740 ## - НОМЫН ГАРЧИГ
Гарчиг Forecasting Methods
740 ## - НОМЫН ГАРЧИГ
Гарчиг Aggregate Planning
740 ## - НОМЫН ГАРЧИГ
Гарчиг Inventory Control Subject to Known Demand
740 ## - НОМЫН ГАРЧИГ
Гарчиг Inventory Control Subject to Uncertain Demand
942 ## - ЭЛЕМЕНТИЙН ТӨРӨЛ
Зүйлийн төрөл Ном